000 00741nam a22002897a 4500
001 BR9802354
003 BR-BrBNA
005 20230928095914.0
007 ta
008 230509b bl.||||| |||| 00| 0 por d
040 _aBR-BrBNA
_bpor
_cBiblioteca Nacional de Agricultura
041 _a(Por)
072 _aF02
_b2110
_b3540
090 _ 2110 BR9802354
100 1 _aRosa, I. de S.
110 1 _aFundacao Cargill, Campinas, SP (Brasil)
245 1 _aEnxertia do cacaueiro
260 3 _aCampinas, SP (Brasil):
_c1998.
300 _a42 p.
500 _a56 illus.
650 _aCacau
650 _aReproducao Vegetal
650 _aEnxerto
650 _aPratica Cultural
909 _a202309
_bLucia
_c55
_dLucia Elande
942 _cBK
999 _c59322
_d59322